书目信息 |
| 题名: |
近代实验有机化学导论
|
|
| 作者: | 罗伯茨 著 ;曹显国 , 胡昌奇 译 | |
| 分册: | ||
| 出版信息: | 上海 上海科学技术出版社 1981 |
|
| 页数: | 368页 | |
| 开本: | 26cm | |
| 丛书名: | ||
| 单 册: | ||
| 中图分类: | O62-33 | |
| 科图分类: | ||
| 主题词: | 有机化学--科学实验 | |
| 电子资源: | ||
| ISBN: | ||
| 000 | 00750nam0 2200253 45 | |
| 001 | 0181005434 | |
| 005 | 20060818163144.31 | |
| 010 | @dCNY2.20 | |
| 091 | @a13119.908 | |
| 100 | @a19950510d1981 em y0chiy0121 ea | |
| 101 | 1 | @achi@ceng |
| 102 | @aCN@b310000 | |
| 105 | @ay z 000yy | |
| 200 | 10 | @a近代实验有机化学导论@Ajin dai shi yan you ji hua xue dao lun@f(美)R·M·罗伯茨著@F(mei)R·M·luo bo ci zhu@g曹显国,胡昌奇译 |
| 210 | @a上海@c上海科学技术出版社@d1981 | |
| 215 | @a368页@d26cm | |
| 606 | @a有机化学@x科学实验 | |
| 690 | @aO62-33@v3 | |
| 701 | 0 | @a罗伯茨@4著 |
| 702 | 0 | @a曹显国@Acao xian guo@4译 |
| 702 | 0 | @a胡昌奇@Ahu chang qi@4译 |
| 801 | 0 | @aCN@b上海图书馆@c20060818 |
| 801 | 2 | @aCN@bNLC@c20060508 |
| 905 | @dO62-33@e13 | |
| 近代实验有机化学导论/(美)R·M·罗伯茨著/曹显国,胡昌奇译.-上海:上海科学技术出版社,1981 |
| 368页;26cm |
| ISBN :CNY2.20 |
| ● |
| 相关链接 |
|
|
|
|
正题名:近代实验有机化学导论
索取号:O62-33/13
 
预约/预借
| 序号 | 登录号 | 条形码 | 馆藏地/架位号 | 状态 | 备注 |
| 1 | 0095441 | 001049895 | 密集书库/ [索取号:O62-33/13] | 在馆 | |
| 2 | 0095442 | 202448752 | 第二样本阅览室/ [索取号:O62-33/13] | 在馆 | |
| 3 | 0223877 | 001049939 | 密集书库/ [索取号:O62-33/13] | 在馆 | |
| 4 | 0223878 | 001049975 | 密集书库/ [索取号:O62-33/13] | 在馆 | |
| 5 | 0223879 | 001049902 | 第三借阅区/ [索取号:O62-33/13] | 在馆 | |
| 6 | 0223880 | 001049911 | 密集书库/ [索取号:O62-33/13] | 在馆 | |
| 7 | 0223881 | 202329382 | 密集书库/ [索取号:O62-33/13] | 在馆 | |
| 8 | 0223882 | 001049920 | 密集书库/ [索取号:O62-33/13] | 在馆 | |
| 9 | 0468733 | 204687339 | 密集书库/ [索取号:O62-33/13] | 在馆 |